000 00723nam a2200253Ia 4500
003 GCL
008 140319s9999 xx 000 0 ara d
040 _aGCL /
_cGCL
082 0 4 _a550
_bف ف
100 1 _aمحمد جمال الدين الفندى
245 1 0 _aالكون الغامض : وجود من العدم الى الوجود /
_cمحمد جمال الدين الفندى
300 _a174 ص
490 _a
650 0 4 _aالنجوم
650 0 4 _aالفلك الوصفى
650 0 4 _aالطاقة
650 0 4 _aالكون
650 0 4 _aالكواكب
650 0 4 _aالنيازك
650 0 4 _aالشمس
650 0 4 _aالمذنبات
650 0 4 _aالنظام الشمسى
942 _2ddc
_cBK
999 _c46610
_d46610